[Event "Bad Woerishofen"]
[Site "?"]
[Date "2002.??.??"]
[Round "2"]
[White "Babar, Michael"]
[Black "Jenni, Florian"]
[Result "0-1"]
[WhiteElo "2146"]
[BlackElo "2525"]
[Annotator "ChessOrg"]
[PlyCount "92"]
[EventDate "2002.??.??"]

1. e4 e5 2. Bc4 Nf6 3. Nc3 Nxe4 4. Qh5 Nd6 5. Qxe5+ Qe7 6. Qxe7+ Bxe7 7. Be2 c6
8. Nf3 Nf5 9. g4 Nh6 10. h3 f6 11. d4 Nf7 12. d5 c5 13. Bf4 d6 14. O-O-O Nd7
15. Nb5 Kd8 16. Bg3 a6 17. Nc3 b5 18. a4 b4 19. Ne4 Bb7 20. c4 bxc3 21. Nxc3
Kc7 22. Nh4 Rae8 23. Bd3 Nde5 24. Bc2 Bd8 25. Rde1 g6 26. Ng2 Nf3 27. Re3 N7e5
28. Nf4 Kd7 29. Nd3 Nd4 30. Bxe5 fxe5 31. h4 Ba5 32. Bd1 c4 33. Ne1 Rhf8 34.
Rh2 Rf4 35. h5 g5 36. h6 Bxc3 37. bxc3 Nb3+ 38. Bxb3 cxb3 39. Nd3 Rxg4 40. Nb4
a5 41. Nc6 Bxc6 42. dxc6+ Kxc6 43. Kb2 Rb8 44. Rg3 Rxa4 45. Rxg5 Ra2+ 46. Kb1
b2 0-1

[Event "Bad Worishofen"]
[Site "?"]
[Date "2002.??.??"]
[Round "2"]
[White "Levin, Felix"]
[Black "Stuemer, Paul"]
[Result "1-0"]
[WhiteElo "2518"]
[BlackElo "2143"]
[Annotator "ChessOrg"]
[PlyCount "113"]
[EventDate "2002.??.??"]

1. d4 Nf6 2. c4 g6 3. Nc3 Bg7 4. e4 d6 5. Be2 O-O 6. Bg5 Na6 7. Nf3 Qe8 8. O-O
e5 9. Bxf6 Bxf6 10. c5 exd4 11. Nd5 Bd8 12. Bxa6 bxa6 13. cxd6 c6 14. Ne7+ Bxe7
15. dxe7 Qxe7 16. Qxd4 c5 17. Qe3 Rb8 18. b3 Rb4 19. Rfe1 Bb7 20. Nd2 Rd4 21.
f3 Rfd8 22. Nc4 Bc6 23. e5 R8d5 24. Rac1 Bb5 25. Nd6 f6 26. Rxc5 Rxe5 27. Rxe5
Qxe5 28. Qxe5 fxe5 29. Nxb5 axb5 30. Rxe5 Rd2 31. a4 b4 32. Re3 Kf7 33. h4 Kf6
34. g4 Rc2 35. Kf1 h5 36. Ke1 Rh2 37. gxh5 gxh5 38. Re4 a5 39. Rc4 Rb2 40. Rc5
Rxb3 41. Rxh5 Rxf3 42. Rxa5 Rh3 43. h5 b3 44. Kd2 Ke7 45. Kc1 Rh2 46. Rb5 Kd7
47. a5 Kc7 48. Kb1 Kc6 49. Rb6+ Kc5 50. h6 Kc4 51. a6 Rh1+ 52. Kb2 Rh2+ 53. Kc1
b2+ 54. Kb1 Kc3 55. Ka2 Rh5 56. Rc6+ Kd4 57. Kxb2 1-0

[Event "Bad Worishofen"]
[Site "?"]
[Date "2002.??.??"]
[Round "2"]
[White "Eichler, Gottfried"]
[Black "Pavlovic, Milos"]
[Result "0-1"]
[WhiteElo "2137"]
[BlackElo "2497"]
[Annotator "ChessOrg"]
[PlyCount "54"]
[EventDate "2002.??.??"]

1. f4 d5 2. b3 Bg4 3. g3 e6 4. Bb2 Nf6 5. Bg2 Nbd7 6. Nf3 h5 7. Ne5 Nxe5 8.
fxe5 Nd7 9. d4 c5 10. c3 Rc8 11. Nd2 Qg5 12. Nf3 Bxf3 13. Bxf3 cxd4 14. cxd4
Bb4+ 15. Kf2 O-O 16. Qd3 f6 17. h4 Qh6 18. Qb5 fxe5 19. Qxb4 e4 20. Rac1 exf3
21. Rxc8 Rxc8 22. Bc3 fxe2 23. Bd2 Qg6 24. Re1 Nf6 25. Qxb7 Ne4+ 26. Kxe2 Qg4+
27. Ke3 Qxg3+ 0-1

[Event "Bad Woerishofen"]
[Site "?"]
[Date "2002.??.??"]
[Round "2"]
[White "Bartels, Holger"]
[Black "Pirrot, Dieter"]
[Result "1/2-1/2"]
[WhiteElo "2133"]
[BlackElo "2436"]
[Annotator "ChessOrg"]
[PlyCount "59"]
[EventDate "2002.??.??"]

1. e4 e5 2. Nf3 Nc6 3. Bc4 Nf6 4. Ng5 d5 5. exd5 Nd4 6. c3 b5 7. Bf1 Nxd5 8.
cxd4 Qxg5 9. Bxb5+ Kd8 10. O-O Bb7 11. Qf3 exd4 12. d3 Qe5 13. Nd2 Bd6 14. g3
Bb4 15. Nc4 Qe6 16. Qe4 Qf6 17. Ne5 h6 18. Qxd4 Qe6 19. Qg4 Qxg4 20. Nxg4 f6
21. Ne3 Nb6 22. a3 Bc5 23. Bd2 a6 24. Bc4 Bxe3 25. fxe3 Nxc4 26. dxc4 Re8 27.
Kf2 Re4 28. Rac1 Ke7 29. Bb4+ Ke6 30. Rfd1 1/2-1/2

[Event "Bad Woerishofen"]
[Site "?"]
[Date "2002.??.??"]
[Round "2"]
[White "Khurtsidze, Nino"]
[Black "Warms, Heiko"]
[Result "1-0"]
[WhiteElo "2434"]
[BlackElo "2140"]
[Annotator "ChessOrg"]
[PlyCount "120"]
[EventDate "2002.??.??"]

1. d4 Nf6 2. c4 e6 3. Nc3 Bb4 4. e3 c5 5. Bd3 O-O 6. Nge2 d5 7. cxd5 exd5 8.
O-O Nc6 9. a3 cxd4 10. exd4 Be7 11. b4 Bg4 12. f3 Bh5 13. Bb1 Bg6 14. Ba2 a5
15. b5 Na7 16. Nf4 Rc8 17. Qb3 Re8 18. Bb2 Qd6 19. g3 Bf5 20. Rae1 Be6 21. b6
Nc6 22. Nb5 Qd7 23. Nc7 Rf8 24. Nfxe6 fxe6 25. Nxe6 Rfe8 26. Nf4 Rcd8 27. Re3
Bf8 28. Rfe1 Rxe3 29. Rxe3 Kh8 30. Nd3 Re8 31. Rxe8 Qxe8 32. Ne5 Qe6 33. Kg2
Qf5 34. Bc3 Qe6 35. Bb1 Kg8 36. Bc2 Nxe5 37. dxe5 Nd7 38. f4 Nxb6 39. f5 Qc6
40. Bd3 Qc5 41. a4 Qe3 42. Qc2 Nc4 43. Bxc4 dxc4 44. e6 b6 45. Bb2 Bc5 46. Bc1
Qg1+ 47. Kf3 Qh1+ 48. Kg4 Qf1 49. Bg5 h5+ 50. Kxh5 Qh3+ 51. Bh4 Be7 52. Qe4
Bxh4 53. gxh4 Qd3 54. Qf4 c3 55. Kg6 Qd8 56. f6 gxf6 57. h3 Kf8 58. h5 Qe8+ 59.
Kxf6 Qe7+ 60. Kg6+ Ke8 1-0

[Event "Bad Woerishofen"]
[Site "?"]
[Date "2002.??.??"]
[Round "2"]
[White "Seifert, Dierk"]
[Black "Kunin, Vitaly"]
[Result "0-1"]
[WhiteElo "2133"]
[BlackElo "2424"]
[Annotator "ChessOrg"]
[PlyCount "82"]
[EventDate "2002.??.??"]

1. c4 b6 2. Nc3 Bb7 3. e4 e6 4. Nf3 Bb4 5. Bd3 Bxc3 6. dxc3 d6 7. Nd4 Nd7 8.
O-O Nc5 9. f3 Ne7 10. Bc2 O-O 11. Bg5 e5 12. Nf5 f6 13. Nxe7+ Qxe7 14. Be3 Ne6
15. Qd2 Kh8 16. Rad1 Rae8 17. Rfe1 Rf7 18. b4 Rd8 19. Qc1 c5 20. b5 Bc8 21. a4
Nc7 22. a5 Be6 23. Bd3 bxa5 24. Qa3 Na8 25. Qxa5 Nb6 26. Qa2 Rff8 27. Ra1 Rd7
28. Qe2 Qf7 29. Ra6 Rb8 30. Rea1 Nxc4 31. Rc6 Nb6 32. f4 Qe7 33. fxe5 fxe5 34.
Rf1 Rc7 35. Bg5 Qd7 36. Rxc7 Qxc7 37. Qh5 c4 38. Be2 Qc5+ 39. Kh1 Qxb5 40. Rf6
Qb1+ 41. Bd1 Qxe4 0-1

[Event "Bad Woerishofen"]
[Site "?"]
[Date "2002.??.??"]
[Round "2"]
[White "Werner, Clemens"]
[Black "Dreesen, Jan"]
[Result "1/2-1/2"]
[WhiteElo "2393"]
[BlackElo "2137"]
[Annotator "ChessOrg"]
[PlyCount "93"]
[EventDate "2002.??.??"]

1. d4 d5 2. Nf3 Bg4 3. Ne5 Bh5 4. g4 Bg6 5. h4 Be4 6. f3 f6 7. fxe4 fxe5 8.
dxe5 e6 9. Bg2 c6 10. exd5 exd5 11. Qd4 Qa5+ 12. c3 Bc5 13. Qf4 Qc7 14. b4 Bb6
15. Nd2 Ne7 16. Nf3 Ng6 17. Qg5 Qe7 18. h5 Qxg5 19. Bxg5 Nf8 20. Nd4 Bc7 21. e6
Be5 22. e7 Nfd7 23. Kd2 Bxd4 24. cxd4 h6 25. Bh4 Nf6 26. Rh3 Kxe7 27. e4 dxe4
28. Bxe4 Rd8 29. Kc3 Nbd7 30. Rf3 Kf8 31. Bf5 Nd5+ 32. Kb3 N7f6 33. Be6 Rd6 34.
Bxd5 cxd5 35. Rc1 Re8 36. Bxf6 gxf6 37. Rc7 Re7 38. Rxe7 Kxe7 39. Rf5 Ke6 40.
b5 a5 41. Rf3 b6 42. Kc2 Kd7 43. Rf5 Ke6 44. Rf3 Kd7 45. Rc3 Re6 46. Kd3 Kd8
47. Rc1 1/2-1/2

[Event "Bad Woerishofen"]
[Site "?"]
[Date "2002.??.??"]
[Round "2"]
[White "Loskamp, Stefan"]
[Black "Gawehns, Klaus"]
[Result "0-1"]
[WhiteElo "2132"]
[BlackElo "2385"]
[Annotator "ChessOrg"]
[PlyCount "36"]
[EventDate "2002.??.??"]

1. e4 b6 2. d4 Bb7 3. Bd3 Nf6 4. Qe2 e6 5. Nf3 d5 6. e5 Nfd7 7. h4 c5 8. c3 h6
9. O-O Be7 10. h5 Nc6 11. Re1 cxd4 12. Nxd4 Ncxe5 13. Bb5 O-O 14. f4 Nc4 15.
Nxe6 fxe6 16. Qxe6+ Rf7 17. Bxd7 Bc5+ 18. Kf1 Ba6 0-1

[Event "Bad Woerishofen"]
[Site "?"]
[Date "2002.??.??"]
[Round "2"]
[White "Hermann, Manfred"]
[Black "Marian, Marc"]
[Result "1/2-1/2"]
[WhiteElo "2340"]
[BlackElo "2137"]
[Annotator "ChessOrg"]
[PlyCount "74"]
[EventDate "2002.??.??"]

1. e4 c5 2. c3 e6 3. d4 d5 4. exd5 Qxd5 5. Nf3 Nf6 6. Bd3 Be7 7. O-O Nc6 8. c4
Qd8 9. dxc5 Bxc5 10. a3 O-O 11. b4 Be7 12. Bb2 b6 13. Qe2 Bb7 14. Nbd2 a5 15.
b5 Nb8 16. Rfd1 Nbd7 17. Nb3 Qe8 18. a4 Rc8 19. Rac1 Bb4 20. Ne5 Nxe5 21. Bxe5
Qe7 22. c5 Bd5 23. Bd6 Qd8 24. Bxf8 Qxf8 25. Bc4 bxc5 26. Nd2 Nd7 27. Bd3 Nb6
28. Bc2 Qe7 29. Qh5 h6 30. Nf1 Qg5 31. Qxg5 hxg5 32. Ne3 Kf8 33. f3 Ke7 34. Kf2
Rh8 35. h3 c4 36. Ke2 Kd6 37. Bb1 Kc5 1/2-1/2

[Event "Bad Worishofen"]
[Site "?"]
[Date "2002.??.??"]
[Round "2"]
[White "Schoenberger, Peter"]
[Black "Marin, Mihail"]
[Result "0-1"]
[WhiteElo "2150"]
[BlackElo "2550"]
[Annotator "ChessOrg"]
[PlyCount "128"]
[EventDate "2002.??.??"]

1. e4 d6 2. d4 Nf6 3. Nc3 g6 4. Nf3 Bg7 5. h3 O-O 6. Be3 c6 7. a4 b6 8. Be2
Nbd7 9. O-O Qc7 10. Qd2 Bb7 11. Nh2 e5 12. dxe5 dxe5 13. Rad1 Rfd8 14. Qc1 a6
15. Bg5 b5 16. Ng4 Re8 17. Qe3 Nxg4 18. Bxg4 Nf8 19. Qc5 h5 20. Nd5 Qb8 21.
Ne7+ Rxe7 22. Bxe7 hxg4 23. Rd8 Qxd8 24. Bxd8 Rxd8 25. hxg4 Rd7 26. c3 Ne6 27.
Qa7 Bf6 28. Re1 Kg7 29. Qb8 g5 30. g3 bxa4 31. f3 c5 32. Re2 Bc6 33. Kf2 Bb5
34. Rc2 c4 35. Ke1 Rd8 36. Qb6 Rd3 37. Rf2 Bd8 38. Qb8 Bc7 39. Qa8 a3 40. bxa3
Ba5 41. Kf1 Bxc3 42. a4 Rd8 43. Qb7 Bxa4 44. Qxa6 Bb3 45. Qb5 Bd4 46. f4 exf4
47. gxf4 Bxf2 48. Kxf2 gxf4 49. Qe5+ Kg8 50. g5 Nf8 51. Ke2 Ng6 52. Qf6 Rc8 53.
Kd2 c3+ 54. Kc1 c2 55. Qb6 Be6 56. Qd6 Rc4 57. Qd8+ Kh7 58. Qd6 Kg7 59. Qb8 Rc5
60. Qd6 Ne5 61. Qd8 Bd7 62. Qf6+ Kg8 63. Qd8+ Kh7 64. g6+ Kg7 0-1

[Event "Bad Woerishofen"]
[Site "?"]
[Date "2002.??.??"]
[Round "2"]
[White "Hornung, Hans"]
[Black "Wagner, Franz"]
[Result "1-0"]
[WhiteElo "2173"]
[BlackElo "1843"]
[Annotator "ChessOrg"]
[PlyCount "65"]
[EventDate "2002.??.??"]

1. c4 Nf6 2. Nc3 g6 3. e4 d6 4. d4 Bg7 5. Nf3 O-O 6. Be2 c5 7. O-O cxd4 8. Nxd4
Nc6 9. Be3 Nxd4 10. Bxd4 Be6 11. f4 Qd7 12. Qd2 Rfc8 13. b3 Bg4 14. Bd3 e5 15.
Be3 Nh5 16. f5 gxf5 17. exf5 e4 18. Bxe4 Re8 19. Bc2 Rxe3 20. Qxe3 Re8 21. Qg5
Nf6 22. Nd5 Qd8 23. Nxf6+ Qxf6 24. Qxg4 Kh8 25. Rad1 Rg8 26. Kh1 Qc3 27. Qe4
Be5 28. f6 Rg6 29. Bb1 Rh6 30. Rf3 Rxh2+ 31. Kg1 Qb4 32. Qxe5 Qb6+ 33. Qd4 1-0

[Event "Bad Woerishofen"]
[Site "?"]
[Date "2002.??.??"]
[Round "2"]
[White "Schiffer, Steve"]
[Black "Burkhardt, Wilfried"]
[Result "1/2-1/2"]
[WhiteElo "2173"]
[BlackElo "1830"]
[Annotator "ChessOrg"]
[PlyCount "110"]
[EventDate "2002.??.??"]

1. e4 e6 2. d3 d5 3. exd5 exd5 4. g3 Nf6 5. Bg2 c6 6. Ne2 Bd6 7. O-O O-O 8. Nd2
Bf5 9. Nf3 Nbd7 10. Nh4 Bg6 11. Nxg6 hxg6 12. Nf4 Re8 13. Nh3 Nf8 14. Be3 Ne6
15. c3 Qc7 16. Re1 b6 17. Ng5 Nxg5 18. Bxg5 Rxe1+ 19. Qxe1 Re8 20. Qd1 Qe7 21.
Bf3 Qe6 22. Kg2 c5 23. Qa4 Re7 24. Bd2 Qd7 25. Qb3 Bb8 26. Bg5 d4 27. c4 Qe8
28. Qd1 Bc7 29. a3 b5 30. Qb3 a6 31. cxb5 Qxb5 32. Qxb5 axb5 33. Rc1 Bd6 34.
Rc2 Rc7 35. b3 c4 36. bxc4 bxc4 37. Rxc4 Rxc4 38. dxc4 Bxa3 39. Kf1 Kf8 40. Ke2
Nd7 41. Bf4 Ke7 42. Bc6 Nc5 43. Be5 d3+ 44. Kd2 f6 45. Bd4 Nb3+ 46. Kxd3 Nxd4
47. Kxd4 Kd6 48. Be8 Bc5+ 49. Ke4 Bxf2 50. Bxg6 Bg1 51. h3 Bf2 52. Kf3 Bd4 53.
Ke4 Bf2 54. g4 Ke6 55. Bh7 g5 1/2-1/2

[Event "Bad Woerishofen"]
[Site "?"]
[Date "2002.??.??"]
[Round "2"]
[White "Straub, Peter"]
[Black "Phildius, Bernhard"]
[Result "0-1"]
[WhiteElo "2120"]
[BlackElo "2330"]
[Annotator "ChessOrg"]
[PlyCount "66"]
[EventDate "2002.??.??"]

1. e4 e6 2. Qe2 Nc6 3. Nf3 Nge7 4. b3 b6 5. c4 e5 6. Bb2 Ng6 7. g3 Bc5 8. Bg2
f6 9. Na3 Nf8 10. Nc2 Ne6 11. Rd1 O-O 12. d4 exd4 13. Nfxd4 Nexd4 14. Nxd4 Bxd4
15. Bxd4 Nxd4 16. Rxd4 Bb7 17. O-O Qe7 18. Qd2 Rf7 19. Rd1 Rd8 20. Qf4 d6 21.
Bh3 Re8 22. f3 a5 23. Qd2 Qe5 24. a3 Rfe7 25. b4 axb4 26. axb4 g6 27. Qh6 Kh8
28. Bg4 f5 29. exf5 gxf5 30. Bh3 Rg8 31. Qf4 Qf6 32. g4 Qh4 33. Qxf5 Re2 0-1

[Event "Bad Woerishofen"]
[Site "?"]
[Date "2002.??.??"]
[Round "2"]
[White "Buchner, Rudolf"]
[Black "von Saldern, Ruediger"]
[Result "1/2-1/2"]
[WhiteElo "2296"]
[BlackElo "2127"]
[Annotator "ChessOrg"]
[PlyCount "116"]
[EventDate "2002.??.??"]

1. e4 e5 2. Nf3 Nc6 3. Bc4 Bc5 4. c3 Qe7 5. d4 Bb6 6. O-O d6 7. h3 Nf6 8. Re1
Bd7 9. a4 a5 10. Na3 h6 11. Ba2 O-O 12. Nc4 Ba7 13. Ne3 Rae8 14. Nf5 Bxf5 15.
exf5 Qd7 16. d5 Ne7 17. g4 Nxf5 18. gxf5 Qxf5 19. Be3 Qxh3 20. Nh2 Bxe3 21.
Rxe3 Qh4 22. Qf1 Qxa4 23. Bc4 Qd7 24. Rxa5 c6 25. dxc6 bxc6 26. Be2 d5 27. Qg2
e4 28. Rg3 Kh8 29. b4 Nh7 30. b5 Ng5 31. bxc6 Qxc6 32. Ra6 Qd7 33. Ng4 Re6 34.
Rxe6 Qxe6 35. Ne3 Qe5 36. Nc2 f5 37. Rxg5 hxg5 38. Qxg5 Qxc3 39. Ne3 Qe5 40.
Ng2 Qf6 41. Qh5+ Qh6 42. Nf4 Qxh5 43. Bxh5 Rd8 44. Bg6 d4 45. Bxf5 d3 46. Bg4
Ra8 47. Nd5 Ra1+ 48. Kg2 g5 49. Nc3 Re1 50. Nd5 Kg7 51. Ne3 Kf6 52. Bd1 Ke5 53.
Kg3 Kd4 54. Kg4 Re2 55. Bxe2 dxe2 56. Kxg5 e1=Q 57. Nc2+ Kd3 58. Nxe1+ Ke2
1/2-1/2

[Event "Bad Woerishofen"]
[Site "?"]
[Date "2002.??.??"]
[Round "2"]
[White "Domanski, Markus"]
[Black "Rueberg, Jobst"]
[Result "0-1"]
[WhiteElo "2113"]
[BlackElo "2295"]
[Annotator "ChessOrg"]
[PlyCount "25"]
[EventDate "2002.??.??"]

1. d4 Nf6 2. c4 e6 3. Nf3 b6 4. g3 Ba6 5. Qa4 c6 6. Nc3 Be7 7. Bg2 O-O 8. O-O
d5 9. cxd5 b5 10. Qc2 cxd5 11. a3 Nc6 12. Nxd5 Qxd5 13. Bg5 0-1

[Event "Bad Woerishofen"]
[Site "?"]
[Date "2002.??.??"]
[Round "2"]
[White "Olarasu, Gabriela"]
[Black "Jaenig, Reinhard"]
[Result "1-0"]
[WhiteElo "2293"]
[BlackElo "2119"]
[Annotator "ChessOrg"]
[PlyCount "75"]
[EventDate "2002.??.??"]

1. d4 Nf6 2. c4 c5 3. d5 e6 4. Nc3 exd5 5. cxd5 d6 6. e4 a6 7. a4 Be7 8. h3 O-O
9. Nf3 Nbd7 10. Be2 Ne8 11. O-O Bf6 12. Be3 Rb8 13. a5 Nc7 14. Na4 Re8 15. Nd2
Nb5 16. Bf4 Ne5 17. Bg3 Nd4 18. Nb6 Bd7 19. Nxd7 Qxd7 20. Re1 Re7 21. Bf1 Rbe8
22. Ra3 Ng6 23. Nc4 Nf5 24. Bh2 Rxe4 25. Rxe4 Rxe4 26. Qb1 Rd4 27. Nb6 Qe8 28.
Qxf5 Rd1 29. Qc8 Bd8 30. Bxd6 h5 31. Nc4 Qe1 32. Qxd8+ Kh7 33. Ne3 Rd2 34. Bg3
f6 35. h4 Ne5 36. Kh2 Ng4+ 37. Nxg4 hxg4 38. Bd3+ 1-0

[Event "Bad Woerishofen"]
[Site "?"]
[Date "2002.??.??"]
[Round "2"]
[White "Scherer, Helmut"]
[Black "Koller, Hubert"]
[Result "1-0"]
[WhiteElo "2275"]
[BlackElo "2112"]
[Annotator "ChessOrg"]
[PlyCount "99"]
[EventDate "2002.??.??"]

1. e4 d6 2. d4 e5 3. Nf3 Qe7 4. Nc3 c6 5. Be2 Nf6 6. a4 a5 7. O-O h6 8. b3 Qc7
9. Ba3 Nbd7 10. Re1 Be7 11. Nh4 g6 12. Qd2 Kf8 13. Rad1 Ne8 14. Nf3 Ndf6 15. h3
Nh5 16. Bf1 Nf4 17. Ne2 g5 18. dxe5 Nxe2+ 19. Rxe2 dxe5 20. Bxe7+ Qxe7 21. Qc3
f6 22. Red2 Be6 23. Bc4 Qc5 24. Rd8 Rxd8 25. Rxd8 Bxc4 26. bxc4 Rh7 27. Nd2 Qb6
28. Qd3 Qc7 29. Nf1 Ke7 30. Ra8 b6 31. c5 bxc5 32. Qa6 Kf8 33. Rc8 Qb7 34. Rxc6
Qxa6 35. Rxa6 Rb7 36. Rxa5 Rb4 37. f3 c4 38. Ne3 c3 39. Kf2 Rd4 40. Ke1 h5 41.
Ra8 Kf7 42. a5 Ra4 43. Ke2 Nd6 44. Kd3 Nb5 45. Nf5 Kg6 46. g4 hxg4 47. hxg4 Kf7
48. Ra6 Ra2 49. Rb6 Na3 50. Kxc3 1-0

[Event "Bad Woerishofen"]
[Site "?"]
[Date "2002.??.??"]
[Round "2"]
[White "Seifert, Volker"]
[Black "Glas, Stefan"]
[Result "1-0"]
[WhiteElo "2261"]
[BlackElo "2109"]
[Annotator "ChessOrg"]
[PlyCount "95"]
[EventDate "2002.??.??"]

1. d4 d5 2. c4 c6 3. Nf3 Nf6 4. Nc3 a6 5. c5 g6 6. Bf4 Bg7 7. e3 Bf5 8. h3 O-O
9. Be2 Re8 10. O-O h6 11. b4 g5 12. Bh2 Nbd7 13. a4 Ne4 14. Nxe4 Bxe4 15. Ne5
f6 16. Nxd7 Qxd7 17. Qd2 e5 18. b5 Reb8 19. Qb2 Qe7 20. Rfc1 Bg6 21. Ra3 axb5
22. axb5 Rxa3 23. Qxa3 cxb5 24. Qa7 Rd8 25. Bxb5 Be8 26. Bxe8 Rxe8 27. Rb1 exd4
28. Rxb7 Qe4 29. Rxg7+ Kh8 30. Bd6 d3 31. Rf7 d2 32. Qa1 d4 33. Kh2 Kg8 34. Qa2
Qe6 35. Rf8+ Kg7 36. Qxd2 dxe3 37. Qxe3 Qxd6+ 38. cxd6 Rxe3 39. fxe3 Kxf8 40.
Kg3 Kf7 41. Kg4 Ke6 42. Kh5 Kxd6 43. Kxh6 Ke5 44. Kg6 Ke6 45. g3 Ke5 46. h4 Ke4
47. Kxf6 g4 48. h5 1-0

[Event "Bad Woerishofen"]
[Site "?"]
[Date "2002.??.??"]
[Round "2"]
[White "Guenther, Thomas"]
[Black "Loew, Gerald"]
[Result "1/2-1/2"]
[WhiteElo "2101"]
[BlackElo "2260"]
[Annotator "ChessOrg"]
[PlyCount "127"]
[EventDate "2002.??.??"]

1. d4 Nf6 2. Nf3 e6 3. c4 Bb4+ 4. Bd2 Qe7 5. a3 Bxd2+ 6. Nbxd2 d6 7. e4 e5 8.
d5 a5 9. b4 O-O 10. Bd3 Bg4 11. h3 Bxf3 12. Nxf3 Na6 13. Rb1 Nd7 14. O-O g6 15.
Ne1 Qg5 16. Kh2 f5 17. exf5 gxf5 18. f4 exf4 19. Nf3 Qg3+ 20. Kh1 Ne5 21. Be2
Rf6 22. Nd4 Rg6 23. Bf3 Rf8 24. Ne2 Qg5 25. Qb3 Re8 26. Nd4 Nxf3 27. Qxf3 Re3
28. Qf2 Rxa3 29. Ne6 Qg3 30. Qxg3 Raxg3 31. Nxf4 axb4 32. Nxg6 hxg6 33. Rf3
Rxf3 34. gxf3 Kg7 35. Kg2 Kf6 36. f4 b6 37. Kf3 g5 38. fxg5+ Kxg5 39. Rg1+ Kh4
40. Kf4 Kxh3 41. Kxf5 Nc5 42. Kf4 Kh2 43. Rb1 Kg2 44. Ke3 b3 45. Kd4 Kf2 46.
Kc3 Ne4+ 47. Kd4 Nc5 48. Rh1 Kg2 49. Rd1 Na4 50. Rb1 Nc5 51. Kc3 Kf2 52. Ra1
Ke2 53. Ra7 b2 54. Ra2 Ke3 55. Kxb2 Kd4 56. Ra7 Kxc4 57. Rxc7 Kxd5 58. Kc3 b5
59. Rc8 Na6 60. Ra8 Nc7 61. Rc8 Kc6 62. Kb4 Kb6 63. Rxc7 Kxc7 64. Kxb5 1/2-1/2

[Event "Bad Woerishofen"]
[Site "?"]
[Date "2002.??.??"]
[Round "2"]
[White "Baeuml, Ulrich"]
[Black "Erenska, Hanna"]
[Result "1/2-1/2"]
[WhiteElo "2098"]
[BlackElo "2252"]
[Annotator "ChessOrg"]
[PlyCount "89"]
[EventDate "2002.??.??"]

1. e4 c5 2. Nf3 a6 3. c3 e6 4. d4 b5 5. Be2 Bb7 6. e5 cxd4 7. cxd4 Bb4+ 8. Nc3
Ne7 9. O-O d6 10. a4 dxe5 11. Nxe5 O-O 12. axb5 a5 13. Be3 Nd7 14. Bf3 Bxf3 15.
Qxf3 Nxe5 16. dxe5 Qb8 17. b6 Ng6 18. b7 Ra6 19. Qe4 f5 20. exf6 gxf6 21. Bh6
Rf7 22. Rfd1 f5 23. Qc4 Qxb7 24. Rd8+ Nf8 25. Rad1 Rc6 26. Qf4 e5 27. Qd2 Rg6
28. g3 f4 29. Bxf8 Bxf8 30. Rd5 fxg3 31. hxg3 Qc8 32. Rxe5 Qh3 33. Rg5 Be7 34.
Rxg6+ hxg6 35. Qd7 Qh5 36. Qd5 Qxd5 37. Rxd5 Bb4 38. Kg2 Kg7 39. Ne4 Rc7 40.
Nc3 Bxc3 41. bxc3 Rxc3 42. Rxa5 Rc2 43. g4 Kh6 44. g5+ Kh5 45. Kg3 1/2-1/2

[Event "Bad Woerishofen"]
[Site "?"]
[Date "2002.??.??"]
[Round "2"]
[White "Himmel, Hansjoerg"]
[Black "Gerhards, Walter"]
[Result "1-0"]
[WhiteElo "2238"]
[BlackElo "2100"]
[Annotator "ChessOrg"]
[PlyCount "105"]
[EventDate "2002.??.??"]

1. e4 e6 2. d3 d5 3. Nd2 c5 4. g3 Bd7 5. Bg2 Bc6 6. Ngf3 Bd6 7. O-O Ne7 8. Re1
O-O 9. c3 Bc7 10. e5 Nd7 11. d4 Rc8 12. a3 a5 13. b3 Bb6 14. Nf1 Ng6 15. Bg5
Qe8 16. Qd2 f6 17. exf6 Nxf6 18. Bxf6 Rxf6 19. Ne3 Qf8 20. Qe2 cxd4 21. cxd4
Bd7 22. Ng4 Rf5 23. Ra2 Qd6 24. Ne3 Rff8 25. h4 Rc3 26. h5 Ne7 27. h6 g6 28. b4
axb4 29. axb4 Rfc8 30. Qd2 Nf5 31. Nxf5 exf5 32. Ne5 Be6 33. Rb2 Bd8 34. Qf4 g5
35. Qd2 Bf6 36. Nf3 g4 37. Ne5 R3c7 38. Qe2 Re7 39. Qb5 Rce8 40. Rbe2 Qd8 41.
Nd3 Bf7 42. Rxe7 Rxe7 43. Rxe7 Qxe7 44. Bxd5 Bxd4 45. Qc4 Bf6 46. Qc8+ Qf8 47.
Qxb7 Be7 48. Ne5 Bxd5 49. Qxd5+ Kh8 50. b5 Bf6 51. Nf7+ Kg8 52. Ng5+ Kh8 53.
Qxf5 1-0

[Event "Bad Woerishofen"]
[Site "?"]
[Date "2002.??.??"]
[Round "2"]
[White "Teich, Udo"]
[Black "Pitl, Gregory"]
[Result "0-1"]
[WhiteElo "2096"]
[BlackElo "2238"]
[Annotator "ChessOrg"]
[PlyCount "64"]
[EventDate "2002.??.??"]

1. d4 f5 2. g3 Nf6 3. Bg2 g6 4. Nh3 Bg7 5. O-O O-O 6. f3 d6 7. Nf2 c6 8. e4 Qc7
9. c3 Nbd7 10. Na3 b5 11. Re1 Rb8 12. exf5 gxf5 13. Rxe7 Nd5 14. Re1 b4 15.
cxb4 Qb6 16. Nc2 Nxb4 17. Nxb4 Qxb4 18. Nd3 Qc4 19. Bf4 Qd5 20. Kh1 Ba6 21. Re2
Nb6 22. Be3 Qb5 23. Nf4 Nd5 24. Bf1 Qb7 25. Re1 Bxf1 26. Nxd5 Bc4 27. Nf4 Qxb2
28. Qa4 Qb5 29. Qxa7 Bd5 30. Nxd5 Qxd5 31. Kg2 Rb2+ 32. Bf2 Rxf2+ 0-1

[Event "Bad Woerishofen"]
[Site "?"]
[Date "2002.??.??"]
[Round "2"]
[White "Keller, Manfred"]
[Black "Dintheer, Willi"]
[Result "1/2-1/2"]
[WhiteElo "2223"]
[BlackElo "2098"]
[Annotator "ChessOrg"]
[PlyCount "79"]
[EventDate "2002.??.??"]

1. e4 e5 2. Nf3 Nc6 3. Bb5 a6 4. Ba4 Nf6 5. O-O Be7 6. Re1 b5 7. Bb3 O-O 8. d4
d6 9. c3 Bb7 10. Nbd2 Nd7 11. Nf1 Na5 12. Bc2 c5 13. d5 Re8 14. Ne3 Bc8 15. b4
Nc4 16. Nxc4 bxc4 17. Ba4 cxb4 18. cxb4 Rb8 19. Bd2 Rf8 20. Bc3 Nb6 21. Bc6 f5
22. Nd2 fxe4 23. Nxe4 Bd7 24. Bxd7 Qxd7 25. a4 Qb7 26. Qg4 Nxd5 27. Rad1 Nxc3
28. Nxc3 Kh8 29. Nd5 c3 30. Nxc3 Qxb4 31. Qxb4 Rxb4 32. Nd5 Rb2 33. Nxe7 Rfxf2
34. Rxd6 Rxg2+ 35. Kh1 Rxh2+ 36. Kg1 Rhg2+ 37. Kh1 Rh2+ 38. Kg1 Rbg2+ 39. Kf1
Rf2+ 40. Kg1 1/2-1/2

[Event "Bad Woerishofen"]
[Site "?"]
[Date "2002.??.??"]
[Round "2"]
[White "Szenetra, Werner"]
[Black "Schmitzer, Peter"]
[Result "1/2-1/2"]
[WhiteElo "2202"]
[BlackElo "2095"]
[Annotator "ChessOrg"]
[PlyCount "128"]
[EventDate "2002.??.??"]

1. Nf3 d5 2. g3 Nf6 3. Bg2 g6 4. O-O Bg7 5. d3 O-O 6. Nbd2 c5 7. e4 Nc6 8. Re1
dxe4 9. dxe4 e5 10. c3 Qe7 11. Qe2 Bd7 12. Nc4 Rad8 13. a4 h6 14. Bd2 Bc8 15.
Rab1 Rfe8 16. h3 b6 17. b4 cxb4 18. cxb4 Nd4 19. Nxd4 exd4 20. Qd3 Bb7 21. e5
Nh7 22. Bxb7 Qxb7 23. Nd6 Qd5 24. Nxe8 Rxe8 25. f4 Nf8 26. Qb5 Qf3 27. Re2 Rc8
28. Rg2 Ne6 29. Qe2 Qa3 30. a5 bxa5 31. bxa5 Bf8 32. Qb5 d3 33. Bb4 Rc1+ 34.
Rxc1 Qxc1+ 35. Kh2 Qb1 36. Rd2 Qxb4 37. Qxb4 Bxb4 38. Rxd3 Bxa5 39. Kg2 Bb6 40.
Rb3 Kf8 41. Rb1 Ke7 42. Kf3 Nd4+ 43. Ke4 Ne2 44. Rb3 Ke6 45. g4 f5+ 46. exf6
Kxf6 47. h4 g5 48. fxg5+ hxg5 49. Rf3+ Kg6 50. h5+ Kg7 51. Rd3 Nf4 52. Rd6 Bc5
53. Rc6 Bb6 54. Kf5 Ne2 55. Rg6+ Kf7 56. Kxg5 Be3+ 57. Kf5 Ng3+ 58. Ke5 a5 59.
Rf6+ Kg7 60. Rf3 Bb6 61. Ke6 Ne4 62. h6+ Kxh6 63. Kd5 Kg5 64. Kxe4 Kxg4 1/2-1/2

[Event "Bad Woerishofen"]
[Site "?"]
[Date "2002.??.??"]
[Round "2"]
[White "Dany, Sebastian"]
[Black "Kunz, Konstantin"]
[Result "1-0"]
[WhiteElo "2090"]
[BlackElo "2201"]
[Annotator "ChessOrg"]
[PlyCount "79"]
[EventDate "2002.??.??"]

1. d4 Nf6 2. c4 e6 3. Nf3 Bb4+ 4. Bd2 Qe7 5. g3 b6 6. Bg2 Bb7 7. O-O Bxd2 8.
Nbxd2 d6 9. Qc2 c5 10. Rad1 O-O 11. e4 cxd4 12. Nxd4 Rc8 13. Qd3 a6 14. Rfe1
Nbd7 15. b3 Rab8 16. Qe2 g6 17. Nb1 Rc7 18. Qb2 Rbc8 19. h3 e5 20. Nc2 Nc5 21.
Nc3 b5 22. cxb5 Ncxe4 23. bxa6 Bxa6 24. Nxe4 Rxc2 25. Qa3 Nxe4 26. Bxe4 Qf6 27.
Bxc2 Rxc2 28. f4 d5 29. Qb4 Bc8 30. Rxe5 Be6 31. a4 h6 32. Rd2 Rc1+ 33. Kh2 g5
34. Qd4 Kg7 35. fxg5 Rh1+ 36. Kxh1 Qf1+ 37. Kh2 Qxh3+ 38. Kg1 Qxg3+ 39. Rg2
Qxb3 40. Re3+ 1-0

[Event "Bad Woerishofen"]
[Site "?"]
[Date "2002.??.??"]
[Round "2"]
[White "Maahs, Erich"]
[Black "Semmler, Guenter"]
[Result "1-0"]
[WhiteElo "2200"]
[BlackElo "2090"]
[Annotator "ChessOrg"]
[PlyCount "33"]
[EventDate "2002.??.??"]

1. e4 d6 2. d4 Nf6 3. Nc3 Nbd7 4. f4 e5 5. Nf3 exd4 6. Qxd4 c6 7. Be3 Be7 8.
O-O-O O-O 9. h3 b5 10. e5 dxe5 11. fxe5 Bc5 12. Qxc5 Nxc5 13. Rxd8 Rxd8 14.
Bxc5 Ne8 15. Bd3 Nc7 16. Ng5 h6 17. Bh7+ 1-0